[Event "Linares"]
[Site "?"]
[Date "1992.??.??"]
[Round "?"]
[White "Karpov, An"]
[Black "Bareev, E."]
[Result "0-1"]
[WhiteElo "2725"]
[BlackElo "2635"]
[PlyCount "114"]
[EventDate "1992.??.??"]
[Source "ChessBase"]
[SourceDate "1992.02.01"]

1. d4 d5 2. c4 c6 3. Nc3 e5 4. dxe5 d4 5. Ne4 Qa5+ 6. Nd2 Nd7 7. e6 fxe6 8. g3 e5 9. Bg2 Ngf6 10. Ngf3 Be7 11. O-O Qc7 12. Qc2 O-O 13. b3 Re8 14. Bb2 Bf8 15. Ng5 Nc5 16. h3 g6 17. g4 Bg7 18. Nde4 Nfxe4 19. Nxe4 Ne6 20. b4 Nf4 21. e3 Nxg2 22. Kxg2 a5 23. a3 Rf8 24. Rad1 axb4 25. axb4 dxe3 26. f3 Qe7 27. Bc1 Bh6 28. Rde1 Be6 29. Bxe3 Bxe3 30. Rxe3 Qxb4 31. Rb1 Qe7 32. Nf2 Qf7 33. Qb2 Bxc4 34. Qxb7 Qf4 35. Qxc6 Qxe3 36. Qxc4+ Kh8 37. Rb3 Qd2 38. Qc5 Rae8 39. Rd3 Qf4 40. Qc3 Rc8 41. Qb2 Rc4 42. Qe2 h5 43. Ne4 h4 44. Re3 Rfc8 45. Qf2 Rc2 46. Re2 Rxe2 47. Qxe2 Kg7 48. Qf2 Qc1 49. Qxh4 Rc2+ 50. Nf2 g5 51. Qg3 Qe1 52. h4 Kg6 53. hxg5 Kxg5 54. f4+ exf4 55. Qf3 Rd2 56. Kh3 Qf1+ 57. Qg2 Rxf2 0-1

[Event "Madrid"]
[Site "Madrid"]
[Date "1992.??.??"]
[Round "9"]
[White "Epishin, Vladimir"]
[Black "Salov, Valery"]
[Result "1/2-1/2"]
[WhiteElo "2620"]
[BlackElo "2655"]
[PlyCount "47"]
[EventDate "1992.05.??"]
[Source "ChessBase"]

1. d4 d5 2. c4 c6 3. Nc3 e5 4. dxe5 d4 5. Ne4 Qa5+ 6. Nd2 Nd7 7. Ngf3 Nxe5 8. Nxe5 Qxe5 9. Nf3 Bb4+ 10. Bd2 Qc5 11. a3 Bxd2+ 12. Qxd2 Be6 13. Qxd4 Qxd4 14. Nxd4 Bxc4 15. Nf5 Kf8 16. Nd6 Ba6 17. e4 Bxf1 18. Rxf1 Rb8 19. Ke2 Nf6 20. Rad1 Ne8 21. Nc4 Nf6 22. Nd6 Ne8 23. Nc4 Nf6 24. Nd6 1/2-1/2

[Event "It (Men) Santos BRA"]
[Site "?"]
[Date "2005.09.28"]
[Round "3"]
[White "Vescovi Giovanni P"]
[Black "Felgaer Ruben"]
[Result "1/2-1/2"]
[WhiteElo "2640"]
[BlackElo "2618"]
[PlyCount "126"]
[EventDate "2005.??.??"]
[Source "www.chesslib.no"]
[SourceDate "2004.05.04"]

1. d4 d5 2. c4 c6 3. Nc3 e5 4. dxe5 d4 5. Ne4 Qa5+ 6. Nd2 Bg4 7. h3 Bh5 8. g4 Bg6 9. Ngf3 h5 10. g5 Nd7 11. e6 fxe6 12. Nxd4 Nc5 13. a3 O-O-O 14. b4 Qc7 15. Bb2 Ne4 16. Bg2 Nxd2 17. Qxd2 e5 18. Qe3 exd4 19. Qe6+ Kb8 20. Qxg6 Bd6 21. Bxd4 Be5 22. Bxe5 Qxe5 23. O-O Ne7 24. Qe4 Qxg5 25. b5 Rhe8 26. Rad1 Nd5 27. Qf3 Nf4 28. bxc6 Qxg2+ 29. Qxg2 Nxg2 30. Kxg2 bxc6 31. Rxd8+ Rxd8 32. Kf3 Rf8+ 33. Ke3 Re8+ 34. Kd3 Rd8+ 35. Kc3 Rf8 36. f3 g5 37. e3 Kc7 38. f4 Rf5 39. Kd4 gxf4 40. Rxf4 Ra5 41. Rf7+ Kd6 42. Rh7 Rxa3 43. Rxh5 Ra1 44. c5+ Kc7 45. Rh7+ Kb8 46. Rh8+ Kb7 47. Rh7+ Kb8 48. h4 Rd1+ 49. Kc4 Rc1+ 50. Kb4 Rb1+ 51. Ka4 Ra1+ 52. Kb3 Rc1 53. h5 Re1 54. Re7 Rh1 55. Re5 Kb7 56. Kc4 a5 57. e4 Rh4 58. Kd4 a4 59. Re7+ Ka6 60. Kc4 a3 61. Re8 a2 62. Ra8+ Kb7 63. Rxa2 Rxe4+ 1/2-1/2

[Event "FRA Team Ch"]
[Site "France"]
[Date "1992.??.??"]
[Round "?"]
[White "Pinter, Jozsef"]
[Black "Salov, Valery B"]
[Result "0-1"]
[WhiteElo "2580"]
[BlackElo "2655"]
[PlyCount "176"]
[EventDate "1992.??.??"]
[Source "www.chesslib.no"]
[SourceDate "2004.05.04"]

1. d4 d5 2. c4 c6 3. Nc3 e5 4. dxe5 d4 5. Ne4 Qa5+ 6. Nd2 Nd7 7. Ngf3 Nxe5 8. Nxd4 Nxc4 9. e3 Nxd2 10. Bxd2 Bb4 11. a3 Bxd2+ 12. Qxd2 Qxd2+ 13. Kxd2 Nf6 14. f3 c5 15. Nb5 Ke7 16. e4 a6 17. Nc3 Be6 18. Be2 Nd7 19. Ke3 b5 20. Rhd1 Nb6 21. b4 Rhc8 22. Rdc1 Ra7 23. Bd3 Rac7 24. bxc5 Rxc5 25. Ne2 Bc4 26. Nd4 g6 27. Rc2 Na4 28. Rb1 Bxd3 29. Kxd3 Kd6 30. Rxc5 Nxc5+ 31. Kd2 Ke5 32. Ke3 Na4 33. f4+ Kd6 34. Ne2 Nb6 35. Rb3 Rc2 36. Kd3 Ra2 37. e5+ Ke7 38. g4 Nc4 39. Nc3 Rb2 40. Nd5+ Kf8 41. Kd4 Kg7 42. g5 h5 43. gxh6+ Kxh6 44. a4 Na5 45. Ra3 bxa4 46. Rxa4 Rd2+ 47. Kc5 Nb7+ 48. Kc4 Rc2+ 49. Kd4 Rd2+ 50. Kc4 Rc2+ 51. Kd4 Nc5 52. Rb4 a5 53. Rb8 Ne6+ 54. Ke3 Rc4 55. Rh8+ Kg7 56. Ra8 a4 57. Ra7 Rc5 58. Nb6 Rc3+ 59. Kd2 Rf3 60. Rxa4 Nxf4 61. Rd4 g5 62. Nc4 Ne6 63. Rd3 Rf4 64. Nd6 Kg6 65. Rg3 Nd4 66. Re3 Nf5 67. Rd3 Nd4 68. Re3 Rf2+ 69. Kd3 Nf5 70. Re4 Rf3+ 71. Kd2 Ra3 72. Nc4 Ra2+ 73. Ke1 Ng7 74. Nd6 Ne6 75. Kf1 Nf4 76. Re3 Rd2 77. Ke1 Rd5 78. Kf1 Rc5 79. Re4 Ra5 80. Re3 Rd5 81. Re4 f5 82. e6 fxe4 83. e7 Re5 84. e8=Q+ Rxe8 85. Nxe8 e3 86. Nd6 g4 87. Ne4 Kf5 88. Ng3+ Ke5 0-1

[Event "Belgrade Invest"]
[Site "Belgrade"]
[Date "1991.??.??"]
[Round "?"]
[White "Beliavsky, Alexander G"]
[Black "Lautier, Joel"]
[Result "1-0"]
[WhiteElo "2655"]
[BlackElo "2560"]
[PlyCount "107"]
[EventDate "1991.11.??"]
[Source "ChessBase"]

1. d4 d5 2. c4 c6 3. Nc3 e5 4. cxd5 cxd5 5. e4 dxe4 6. Bb5+ Bd7 7. dxe5 Bb4 8. e6 fxe6 9. Qh5+ g6 10. Qe5 Qf6 11. Bf4 a6 12. Bc4 Nc6 13. Qxf6 Nxf6 14. Nge2 Na5 15. Bb3 Nxb3 16. axb3 Bb5 17. Nd4 Bd3 18. Nxe6 Ke7 19. Nd4 Rhd8 20. Nde2 Rac8 21. Rc1 Rc6 22. Bd2 a5 23. h4 Kf7 24. Rh3 h5 25. Bg5 Rdc8 26. Nf4 Ba6 27. Bxf6 Kxf6 28. Rg3 Kf7 29. Re3 Bd6 30. Rxe4 Re8 31. Rxe8 Bxf4 32. Re3 Bxe3 33. fxe3 Rb6 34. Kd2 Rxb3 35. Kc2 Rb4 36. e4 Rd4 37. Ra1 b6 38. Re1 Bd3+ 39. Kd2 Bc4+ 40. Kc2 Ke6 41. Re3 Ke5 42. Rg3 Rd6 43. b3 Bf1 44. Rg5+ Kf4 45. e5 Re6 46. g3+ Kf3 47. Nd5 Bh3 48. Kd3 Bg4 49. Kd4 Kxg3 50. Nf6 b5 51. Rxg6 a4 52. bxa4 bxa4 53. Nxh5+ Kxh4 54. Rxe6 1-0

[Event "Buenos Aires"]
[Site "Buenos Aires ARG"]
[Date "1992.??.??"]
[Round "?"]
[White "Granda Zuniga, Julio E"]
[Black "Morovic Fernandez, Ivan E"]
[Result "0-1"]
[WhiteElo "2615"]
[BlackElo "2565"]
[PlyCount "76"]
[EventDate "1992.04.??"]
[Source "www.chesslib.no"]
[SourceDate "2004.05.04"]

1. d4 d5 2. c4 c6 3. Nc3 e5 4. dxe5 d4 5. Ne4 Qa5+ 6. Nd2 Nd7 7. Ngf3 Nxe5 8. Nxd4 Nxc4 9. e3 Nxd2 10. Bxd2 Bb4 11. Bd3 Nf6 12. Bxb4 Qxb4+ 13. Qd2 Qxd2+ 14. Kxd2 Ke7 15. Rhc1 Rd8 16. f3 Nd5 17. Rc4 Nc7 18. Ke2 Ne6 19. Nb3 Bd7 20. Rac1 a5 21. a3 a4 22. Nd4 Nxd4+ 23. exd4 Ra7 24. Rc5 Be6 25. Ke3 g6 26. g4 Raa8 27. Bc4 Rd6 28. Re5 f6 29. Re4 Ra5 30. Kd3 Kd7 31. Rce1 Bxc4+ 32. Kxc4 Kc7 33. Re7+ Rd7 34. R1e6 Rb5 35. Rxd7+ Kxd7 36. Rxf6 Rxb2 37. Rf7+ Kd6 38. Rxh7 Rb3 0-1

[Event "Paris FRA"]
[Site "?"]
[Date "2005.07.12"]
[Round "4"]
[White "Malakhatko Vadim"]
[Black "Kazhgaleyev Murtas"]
[Result "1/2-1/2"]
[WhiteElo "2556"]
[BlackElo "2619"]
[PlyCount "21"]
[EventDate "2005.??.??"]
[Source "www.chesslib.no"]
[SourceDate "2004.05.04"]

1. d4 d5 2. c4 c6 3. Nc3 e5 4. dxe5 d4 5. Ne4 Qa5+ 6. Bd2 Qxe5 7. Ng3 Nf6 8. Nf3 Qd6 9. Qc2 Be7 10. O-O-O O-O 11. e3 1/2-1/2

[Event "Connecticut USA"]
[Site "?"]
[Date "2005.03.25"]
[Round "4"]
[White "Ehlvest Jaan"]
[Black "Friedel Joshua E"]
[Result "1-0"]
[WhiteElo "2697"]
[BlackElo "2477"]
[PlyCount "75"]
[EventDate "2005.??.??"]
[Source "www.chesslib.no"]
[SourceDate "2004.05.04"]

1. d4 d5 2. c4 c6 3. Nc3 e5 4. e3 exd4 5. Qxd4 Nf6 6. Nf3 Be7 7. cxd5 cxd5 8. Bb5+ Nc6 9. O-O O-O 10. Qa4 Qc7 11. Rd1 a6 12. Bxc6 bxc6 13. Qc2 Bd6 14. h3 Re8 15. b3 Bb7 16. Bb2 c5 17. Qf5 Re6 18. Rac1 g6 19. Qd3 Qe7 20. Na4 d4 21. exd4 Be4 22. Qf1 Bxf3 23. gxf3 Nh5 24. dxc5 Be5 25. Bxe5 Rxe5 26. Rc4 Re8 27. c6 Qg5+ 28. Rg4 Qf6 29. c7 Nf4 30. Qc4 Nxh3+ 31. Kg2 Qf5 32. Rd8 Qb1 33. Qf1 Nf4+ 34. Rxf4 Rg5+ 35. Rg4 Rxg4+ 36. fxg4 Qe4+ 37. f3 Qc2+ 38. Qf2 1-0

[Event "Hoogovens"]
[Site "Wijk aan Zee"]
[Date "1991.??.??"]
[Round "3"]
[White "Seirawan, Yasser"]
[Black "Hansen, Curt"]
[Result "1/2-1/2"]
[WhiteElo "2595"]
[BlackElo "2565"]
[PlyCount "57"]
[EventDate "1991.01.??"]
[Source "ChessBase"]

1. d4 d5 2. c4 c6 3. Nc3 e5 4. dxe5 d4 5. Ne4 Qa5+ 6. Nd2 Nh6 7. Ngf3 Nf5 8. g3 Ne3 9. fxe3 dxe3 10. Bg2 exd2+ 11. Bxd2 Bb4 12. O-O Bxd2 13. Qxd2 Qxd2 14. Nxd2 Nd7 15. Nf3 a5 16. Rad1 Ke7 17. Rd4 Nc5 18. b3 Be6 19. Ng5 h6 20. Nxe6 Nxe6 21. Rd6 Nc5 22. Rfd1 Rhe8 23. a3 Red8 24. b4 axb4 25. axb4 Nd7 26. e6 fxe6 27. Bh3 Nf8 28. Rxd8 Rxd8 29. Rxd8 1/2-1/2

[Event "Hoogovens op"]
[Site "Wijk aan Zee"]
[Date "1995.??.??"]
[Round "7"]
[White "Nikolic, Predrag"]
[Black "Schwartzman, Gabriel"]
[Result "1-0"]
[WhiteElo "2645"]
[BlackElo "2495"]
[PlyCount "217"]
[EventDate "1995.01.??"]
[Source "ChessBase"]

1. d4 d5 2. c4 c6 3. Nc3 e5 4. dxe5 d4 5. Ne4 Qa5+ 6. Nd2 Nd7 7. e6 fxe6 8. g3 Ngf6 9. Bg2 Be7 10. Ngf3 e5 11. O-O Qc7 12. Re1 O-O 13. e3 dxe3 14. Rxe3 Ng4 15. Re2 Nc5 16. b4 Nd3 17. Ne4 Nxb4 18. Bb2 Bf5 19. Qb3 c5 20. h3 Nf6 21. Nxe5 Nxe4 22. Bxe4 Bxe4 23. Rxe4 Bf6 24. Rae1 Rad8 25. a3 Nc6 26. Qe3 Nd4 27. Bxd4 cxd4 28. Rxd4 Bxe5 29. Rxd8 Rxd8 30. Qxe5 Qxc4 31. Qa5 Qd4 32. Re7 Rf8 33. Qe1 Qd5 34. Qb1 Qc5 35. Qa2+ Kh8 36. Rxb7 Qc1+ 37. Kh2 Qc5 38. Rf7 h6 39. Rxf8+ Qxf8 40. a4 a5 41. Qc2 Qf3 42. Qc5 Kh7 43. Qd4 Kh8 44. h4 Kh7 45. Kg1 Qe2 46. Kg2 Qe8 47. Kf3 Kh8 48. Qe4 Qf7+ 49. Kg2 Qc7 50. h5 Qc5 51. g4 Qc3 52. Qf4 Qc6+ 53. Kf1 Qc3 54. Qf8+ Kh7 55. Qf5+ Kh8 56. Qd7 Qc4+ 57. Ke1 Qc1+ 58. Ke2 Qc2+ 59. Kf3 Qc3+ 60. Kf4 Kh7 61. f3 Qc4+ 62. Ke5 Qc5+ 63. Ke6 Qb6+ 64. Kd5 Qb3+ 65. Kd6 Qb6+ 66. Qc6 Qb8+ 67. Kd7 Qa7+ 68. Ke6 Kh8 69. Kd5 Qb8 70. Ke6 Qa7 71. Qe4 Qc7 72. Kd5 Qc3 73. Kd6 Qc8 74. Qf5 Qc3 75. Qd7 Kh7 76. Qc6 Qd4+ 77. Kc7 Qa7+ 78. Kc8 Kh8 79. Qe8+ Kh7 80. Qd7 Qa8+ 81. Kc7 Qa7+ 82. Kc6 Qa6+ 83. Kc5 Qe2 84. Kb6 Qe1 85. Ka6 Qc3 86. f4 Qb4 87. Qb5 Qd6+ 88. Kxa5 Qc7+ 89. Ka6 Qc8+ 90. Kb6 Qxg4 91. Qe5 Qd7 92. a5 Qd8+ 93. Kb5 Qd7+ 94. Kc5 Qa7+ 95. Kc4 Qa6+ 96. Qb5 Qe6+ 97. Qd5 Qa6+ 98. Kb4 Qe2 99. Kc3 Qe1+ 100. Qd2 Qa1+ 101. Kc4 Qa4+ 102. Kc5 Qa3+ 103. Kc4 Qa4+ 104. Kd3 Qb5+ 105. Ke3 Qc5+ 106. Ke4 Qxh5 107. Qb4 Qe8+ 108. Kf3 Qc6+ 109. Qe4+ 1-0

[Event "RUS Cup final 4th"]
[Site "Elista"]
[Date "2000.08.28"]
[Round "9"]
[White "Kruppa, Yuri"]
[Black "Popov, Valerij"]
[Result "1/2-1/2"]
[WhiteElo "2582"]
[BlackElo "2557"]
[PlyCount "26"]
[EventDate "2000.08.19"]
[Source "ChessBase"]
[SourceDate "2000.11.21"]

1. d4 d5 2. c4 c6 3. Nc3 e5 4. dxe5 d4 5. Ne4 Qa5+ 6. Bd2 Qxe5 7. Ng3 Nf6 8. Nf3 Qd6 9. Qc2 Be7 10. b4 c5 11. Rb1 O-O 12. bxc5 Qd8 13. Ne4 Nxe4 1/2-1/2

[Event "New York Open"]
[Site "Newark, NJ USA"]
[Date "1995.??.??"]
[Round "?"]
[White "Epishin, Vladimir V"]
[Black "Schwartzman, Gabriel"]
[Result "1-0"]
[WhiteElo "2635"]
[BlackElo "2495"]
[PlyCount "101"]
[EventDate "1995.04.12"]
[Source "www.chesslib.no"]
[SourceDate "2004.05.04"]

1. d4 d5 2. c4 c6 3. Nc3 e5 4. e3 e4 5. Qb3 Nf6 6. Bd2 Be7 7. cxd5 cxd5 8. Nge2 Na6 9. Nf4 Nc7 10. h4 O-O 11. Rc1 Rb8 12. a4 Bg4 13. Be2 Bxe2 14. Ncxe2 Qd7 15. O-O Na6 16. Nc3 Nc7 17. Rc2 Bd6 18. Nce2 Qg4 19. Bb4 Bxb4 20. Qxb4 Na6 21. Qa5 Qxh4 22. b4 Ng4 23. Nh3 Qe7 24. Rb1 Rbc8 25. Rxc8 Rxc8 26. Qxd5 Rc2 27. Ng3 Nf6 28. Qe5 Qxe5 29. dxe5 Nd5 30. Rd1 Naxb4 31. Nf4 Nd3 32. Nxd3 Nc3 33. Nb4 Nxd1 34. Nxc2 Nb2 35. a5 Nc4 36. a6 bxa6 37. e6 fxe6 38. Nxe4 e5 39. Kf1 Kf7 40. Ke2 a5 41. Kd3 Nb6 42. Na3 Ke6 43. Nc4 Nxc4 44. Kxc4 h5 45. Nc5+ Kf5 46. Kd5 a4 47. e4+ Kf6 48. Nxa4 g5 49. Nc5 g4 50. g3 a5 51. Kd6 1-0

[Event "Mondariz zt 1.1"]
[Site "Mondariz"]
[Date "2000.09.11"]
[Round "8"]
[White "Van Wely, Loek"]
[Black "Godena, Michele"]
[Result "1-0"]
[WhiteElo "2643"]
[BlackElo "2485"]
[PlyCount "81"]
[EventDate "2000.09.03"]
[Source "ChessBase"]
[SourceDate "2000.11.21"]

1. d4 d5 2. c4 c6 3. Nc3 e5 4. cxd5 cxd5 5. e3 e4 6. Qb3 Nf6 7. Nh3 Bd6 8. Bd2 Bc7 9. f3 exf3 10. gxf3 Nc6 11. Nf2 a6 12. Bd3 b5 13. a4 bxa4 14. Qxa4 Bd7 15. Qa3 Ba5 16. Ne2 Bxd2+ 17. Kxd2 Ne7 18. Qd6 Rb8 19. b4 Rb6 20. Qc5 Bb5 21. Bxb5+ Rxb5 22. Qc3 Rb6 23. Rhc1 O-O 24. Qc7 Rxb4 25. Qxd8 Rxd8 26. Rxa6 Rb2+ 27. Rc2 Rxc2+ 28. Kxc2 Nf5 29. e4 dxe4 30. fxe4 Ne3+ 31. Kd3 Neg4 32. Nxg4 Nxg4 33. h4 Ne5+ 34. Ke3 Ng4+ 35. Kf4 h5 36. e5 Rc8 37. Kg5 Rc2 38. Nf4 Rc4 39. e6 fxe6 40. Ra8+ Kf7 41. Ng6 1-0

[Event "Bled (ol) 86/376"]
[Site "?"]
[Date "2002.??.??"]
[Round "?"]
[White "Beliavsky, A."]
[Black "Kallio, H."]
[Result "1-0"]
[WhiteElo "2650"]
[BlackElo "2471"]
[PlyCount "75"]
[EventDate "2002.??.??"]
[Source "Chess Informant"]
[SourceDate "2002.10.01"]

1. d4 d5 2. c4 c6 3. Nc3 e5 4. dxe5 d4 5. Ne4 Qa5+ 6. Bd2 Qxe5 7. Ng3 Nf6 8. Nf3 Qd6 9. Qc2 c5 10. e3 dxe3 11. fxe3 Nc6 12. Bd3 g6 13. Ne4 Nxe4 14. Bxe4 Bg7 15. Bd5 Qe7 16. O-O O-O 17. e4 Nb4 18. Qb3 a5 19. Bg5 Qc7 20. a3 a4 21. Qd1 Nxd5 22. cxd5 Bxb2 23. d6 Qc6 24. e5 c4 25. Bf6 Qc5+ 26. Kh1 c3 27. Qe1 Bg4 28. Qh4 h5 29. Qg5 Kh7 30. Rae1 Qd5 31. Rd1 Qc4 32. Rde1 Qd5 33. e6 Bxf3 34. e7 Rfe8 35. Rxf3 Ra5 36. d7 Qd2 37. Qxd2 cxd2 38. Rd1 1-0

[Event "RUS-ch KO"]
[Site "Moscow"]
[Date "1999.12.18"]
[Round "2.2"]
[White "Burmakin, Vladimir"]
[Black "Popov, Valerij"]
[Result "0-1"]
[WhiteElo "2579"]
[BlackElo "2523"]
[PlyCount "130"]
[EventDate "1999.12.04"]
[Source "ChessBase"]
[SourceDate "2000.04.05"]

1. d4 d5 2. c4 c6 3. Nc3 e5 4. dxe5 d4 5. Nb1 Qa5+ 6. Bd2 Qxe5 7. Nf3 Qd6 8. Qc2 Nf6 9. e3 dxe3 10. Bxe3 Bg4 11. Nbd2 Nbd7 12. Be2 Be7 13. Nb3 O-O 14. h3 Bh5 15. O-O Qc7 16. Rad1 Rad8 17. Rfe1 Rfe8 18. a3 Bf8 19. Nh4 Bxe2 20. Rxe2 Nb6 21. Rxd8 Qxd8 22. Nf5 Qc8 23. Ng3 Nfd7 24. Bf4 Nf6 25. Bg5 Nbd7 26. Nd4 h6 27. Bf4 g6 28. Nf3 Bg7 29. Rd2 Re6 30. b4 a6 31. Qd3 Re8 32. Rd1 c5 33. Bd6 Qc6 34. Rb1 Rc8 35. bxc5 Nxc5 36. Bxc5 Qxc5 37. Rxb7 Qxc4 38. Qxc4 Rxc4 39. Ra7 Ra4 40. Ne5 Ne4 41. Ra8+ Kh7 42. Nxf7 Nxg3 43. fxg3 Rxa3 44. Nd6 Bd4+ 45. Kf1 Ra2 46. Ne4 a5 47. Rd8 Ba1 48. Rd7+ Kg8 49. Ra7 a4 50. Ra8+ Kf7 51. Ra7+ Ke8 52. Ra8+ Ke7 53. Ra7+ Kd8 54. Nc5 a3 55. Ra4 Kc7 56. Nb3 Kb6 57. Nc1 Rc2 58. Rxa3 Rxc1+ 59. Ke2 Be5 60. g4 Rc6 61. h4 Kc5 62. Kf3 Kd5 63. Rd3+ Ke6 64. h5 g5 65. Re3 Rc3 0-1

[Event "Olympiade"]
[Site "Olympiade"]
[Date "1992.??.??"]
[Round "?"]
[White "Timman, Jan Hein"]
[Black "Nikolic, Zivoslav"]
[Result "1-0"]
[WhiteElo "2620"]
[BlackElo "2475"]
[PlyCount "128"]
[EventDate "1992.??.??"]
[Source "www.chesslib.no"]
[SourceDate "2004.05.04"]

1. d4 d5 2. c4 c6 3. Nc3 e5 4. dxe5 d4 5. Ne4 Qa5+ 6. Nd2 Nd7 7. e6 fxe6 8. g3 Ne5 9. Qc2 Nf6 10. Bg2 Be7 11. Nh3 Nf7 12. O-O e5 13. f4 O-O 14. Nb3 Qc7 15. Ng5 Nxg5 16. fxg5 Nd7 17. Bd2 Rxf1+ 18. Rxf1 Nf8 19. e3 Be6 20. exd4 exd4 21. Nxd4 Bc5 22. Be3 Qe5 23. Qc3 Rd8 24. Rf4 Bf7 25. Re4 Bxd4 26. Rxd4 Rxd4 27. Bxd4 Qxg5 28. Bxa7 Qf5 29. a3 Qb1+ 30. Kf2 Qf5+ 31. Kg1 Qb1+ 32. Bf1 Be6 33. Be3 Nd7 34. b3 Bf5 35. Bd4 h6 36. b4 Bh3 37. Qa1 Qxa1 38. Bxa1 Bxf1 39. Kxf1 b5 40. Bd4 Kf7 41. Ke2 g6 42. Kd3 Ke6 43. Bg7 h5 44. Kd4 g5 45. cxb5 cxb5 46. Bh6 Kf5 47. Kd5 Nf6+ 48. Kc6 Ng4 49. Bxg5 Kxg5 50. h3 Ne5+ 51. Kxb5 Kf6 52. a4 Ke6 53. a5 Kd7 54. Kb6 Kc8 55. a6 Nd7+ 56. Kc6 Nb8+ 57. Kb5 Nd7 58. g4 hxg4 59. hxg4 Kc7 60. g5 Ne5 61. Kc5 Nd3+ 62. Kc4 Nf4 63. b5 Kb6 64. Kc3 Nh3 1-0

[Event "GM Classic"]
[Site "Gausdal"]
[Date "2004.09.23"]
[Round "1"]
[White "Lugovoi, Aleksei"]
[Black "Smeets, Jan"]
[Result "1/2-1/2"]
[WhiteElo "2540"]
[BlackElo "2545"]
[PlyCount "41"]
[EventDate "2004.09.23"]
[Source "Roberto Alvarez"]
[SourceDate "2004.10.05"]

1. d4 d5 2. c4 c6 3. Nc3 e5 4. cxd5 cxd5 5. dxe5 d4 6. Ne4 Qa5+ 7. Nd2 Nh6 8. Ngf3 Nf5 9. g3 Ne3 10. fxe3 dxe3 11. Bg2 Bc5 12. a3 exd2+ 13. Qxd2 Qxd2+ 14. Bxd2 Nc6 15. b4 Bb6 16. Bc3 O-O 17. O-O-O Bf5 18. Kb2 Rac8 19. Nh4 Be6 20. Bd5 Bd4 21. Bxd4 1/2-1/2

[Event "Munich"]
[Site "?"]
[Date "1991.??.??"]
[Round "?"]
[White "Lobron, Eric"]
[Black "Hertneck, Gerald"]
[Result "1-0"]
[WhiteElo "2545"]
[BlackElo "2535"]
[PlyCount "93"]
[EventDate "1991.??.??"]
[Source "www.chesslib.no"]
[SourceDate "2004.05.04"]

1. d4 d5 2. c4 c6 3. Nc3 e5 4. e3 exd4 5. Qxd4 Nf6 6. Nf3 Be7 7. Be2 Na6 8. O-O Nb4 9. Qd1 dxc4 10. Bxc4 Qxd1 11. Rxd1 Be6 12. Bxe6 fxe6 13. e4 O-O 14. a3 Na6 15. b4 Rfd8 16. Be3 Ng4 17. Bf4 Rxd1+ 18. Rxd1 Rd8 19. Rxd8+ Bxd8 20. h3 Nh6 21. Bxh6 gxh6 22. Kf1 Bf6 23. e5 Be7 24. Ne4 Kf7 25. Nfd2 Nc7 26. Nc4 b6 27. Ke2 Nd5 28. g3 Ke8 29. f4 Kd7 30. Kf3 h5 31. g4 hxg4+ 32. hxg4 a5 33. bxa5 bxa5 34. a4 Bb4 35. Nf6+ Ke7 36. Nxh7 Nc3 37. f5 exf5 38. gxf5 Nxa4 39. f6+ Ke6 40. Kf4 Nc5 41. Ng5+ Kd7 42. Kf5 a4 43. e6+ Nxe6 44. Ne5+ Ke8 45. Nxe6 a3 46. Nd4 a2 47. Nc2 1-0

[Event "JUG Team Ch"]
[Site "Igalo"]
[Date "1994.??.??"]
[Round "?"]
[White "Mozetic, Dejan"]
[Black "Rajkovic, Dusan"]
[Result "0-1"]
[WhiteElo "2585"]
[BlackElo "2475"]
[PlyCount "144"]
[EventDate "1994.??.??"]
[Source "www.chesslib.no"]
[SourceDate "2004.05.04"]

1. d4 d5 2. c4 c6 3. Nc3 e5 4. dxe5 d4 5. Ne4 Qa5+ 6. Bd2 Qxe5 7. Ng3 Bc5 8. b4 Be7 9. Nf3 Qd6 10. c5 Qd8 11. Bf4 a5 12. a3 Nf6 13. Nxd4 Nd5 14. Bd2 O-O 15. e3 b6 16. Rc1 bxc5 17. bxc5 Qc7 18. Be2 Na6 19. O-O Nxc5 20. Ngf5 Bxf5 21. Nxf5 Ne4 22. Bf3 Qe5 23. Nxe7+ Nxe7 24. Rc4 Ng5 25. Be2 Qd6 26. Qc1 h6 27. Rd1 Qg6 28. Qc2 Qxc2 29. Rxc2 Rfd8 30. f3 Ne6 31. Kf2 Nc7 32. Rb1 Ra7 33. Be1 Ne6 34. Bc4 Kf8 35. Ke2 Nd5 36. g3 Re8 37. Kf2 Rd8 38. Ba2 Ne7 39. Ke2 g5 40. Bc3 Re8 41. Ba1 a4 42. Be5 Nf5 43. Rb8 Ra5 44. Rxe8+ Kxe8 45. Bf6 c5 46. Rb2 Nd6 47. Rb6 Kd7 48. Be5 Nb5 49. Rb7+ Ke8 50. Bb2 Nd6 51. Rb8+ Kd7 52. Bc3 Ra6 53. Bd5 Nc7 54. Ba2 Ncb5 55. Bg7 Kc7 56. Rf8 c4 57. Be5 Kd7 58. Kd2 Rc6 59. Ra8 c3+ 60. Kc1 Nc4 61. Bd4 Nd2 62. Rxa4 Nxf3 63. Bxf7 Nfxd4 64. exd4 Rd6 65. d5 Rf6 66. Bh5 Rf1+ 67. Bd1 Kd6 68. h4 Kxd5 69. hxg5 hxg5 70. Rg4 Nd4 71. Rxg5+ Ke4 72. Rc5 Nb3+ 0-1

[Event "Manila (ol)"]
[Site "?"]
[Date "1992.??.??"]
[Round "?"]
[White "Olafsson, H."]
[Black "Hertneck, G."]
[Result "0-1"]
[WhiteElo "2525"]
[BlackElo "2530"]
[PlyCount "109"]
[EventDate "1992.??.??"]
[Source "ChessBase"]
[SourceDate "1992.06.01"]

1. d4 d5 2. c4 c6 3. Nc3 e5 4. dxe5 d4 5. Ne4 Qa5+ 6. Nd2 Nd7 7. e6 fxe6 8. g3 Ngf6 9. Bg2 e5 10. Ngf3 Be7 11. O-O Qc7 12. b3 O-O 13. Bb2 a5 14. Qc2 Re8 15. Ng5 Nc5 16. e3 d3 17. Qc3 Bg4 18. f3 h6 19. Nh3 Bh5 20. Nf2 Bg6 21. Rfe1 e4 22. fxe4 Bd6 23. Nxd3 Nfxe4 24. Nxe4 Bxe4 25. Bxe4 Rxe4 26. Nf2 Bxg3 27. Nxe4 Nxe4 28. Qc2 Bf2+ 29. Kh1 Re8 30. Rg1 Bxg1 31. Rxg1 g5 32. Ba1 Qd7 33. Qb2 Kh7 34. Rf1 Kg6 35. Qc2 Qh3 36. Rf6+ Kh5 37. Qe2+ Qg4 38. Rf3 Kg6 39. h3 Ng3+ 40. Kg2 Qxh3+ 41. Kxh3 Nxe2 42. Kg2 Nc1 43. Rf6+ Kh5 44. Bd4 Nxa2 45. Rf7 b5 46. Rf6 bxc4 47. bxc4 Nb4 48. Rd6 a4 49. Kf3 g4+ 50. Kf4 Rf8+ 51. Kg3 Rf3+ 52. Kh2 a3 53. Bg7 Rf7 54. Bc3 a2 55. Rd2 0-1

[Event "Sevilla"]
[Site "?"]
[Date "1994.??.??"]
[Round "?"]
[White "Azmaiparashvili, Z."]
[Black "Eslon, J."]
[Result "1-0"]
[WhiteElo "2625"]
[BlackElo "2425"]
[PlyCount "59"]
[EventDate "1994.??.??"]
[Source "ChessBase"]
[SourceDate "1994.02.01"]

1. d4 d5 2. c4 c6 3. Nc3 e5 4. dxe5 d4 5. Ne4 Qa5+ 6. Bd2 Qxe5 7. Ng3 Nf6 8. Nf3 Qd6 9. Qc2 Be7 10. O-O-O O-O 11. Bc3 Qf4+ 12. e3 dxe3 13. fxe3 Qxe3+ 14. Kb1 Na6 15. Nd4 Bb4 16. Ndf5 Bxf5 17. Nxf5 Qe6 18. Bd3 Bxc3 19. Qxc3 c5 20. Rhe1 Qb6 21. Re3 Nb4 22. Rg3 g6 23. Ne7+ Kg7 24. Rf1 Rae8 25. Nf5+ Kg8 26. Nh6+ Kg7 27. Ng4 Re6 28. Nxf6 Rxf6 29. Rgf3 Nxd3 30. Rxf6 1-0

[Event "otb"]
[Site "otb"]
[Date "2007.02.10"]
[Round "7"]
[White "Nyback Tomi"]
[Black "Liiva Riho"]
[Result "1/2-1/2"]
[WhiteElo "2604"]
[BlackElo "2439"]
[PlyCount "53"]
[Source "www.chesslib.no"]
[SourceDate "2004.05.04"]

1. d4 d5 2. c4 c6 3. Nc3 e5 4. dxe5 d4 5. Ne4 Qa5+ 6. Bd2 Qxe5 7. Ng3 c5 8. Nf3 Qc7 9. e3 dxe3 10. Bxe3 Nf6 11. Bd3 Be7 12. Qd2 Nc6 13. Bf4 Qb6 14. O-O O-O 15. Rfe1 Re8 16. h3 Nb4 17. Bb1 Be6 18. Ng5 Bxc4 19. a3 Nbd5 20. Be5 h6 21. Nxf7 Kxf7 22. Qc2 Bb3 23. Qg6+ Kg8 24. Nf5 Bf8 25. Nxh6+ Kh8 26. Nf7+ Kg8 27. Nh6+ 1/2-1/2

[Event "ch-NED"]
[Site "Hilversum NED"]
[Date "2007.06.28"]
[Round "11"]
[White "Janssen, Ru"]
[Black "Smeets, J."]
[Result "1/2-1/2"]
[WhiteElo "2489"]
[BlackElo "2552"]
[PlyCount "154"]
[EventDate "2007.06.16"]
[Source "www.chesslib.no"]
[SourceDate "2004.05.04"]

1. d4 d5 2. c4 c6 3. Nc3 e5 4. dxe5 d4 5. Ne4 Qa5+ 6. Nd2 Nd7 7. Ngf3 Nxe5 8. Nxe5 Qxe5 9. Nf3 Bb4+ 10. Bd2 Qc5 11. a3 Bxd2+ 12. Qxd2 Be6 13. Qxd4 Qxd4 14. Nxd4 Bxc4 15. Nf5 Kf8 16. Nd6 Ba6 17. e4 Bxf1 18. Rxf1 Nf6 19. Nxb7 Rb8 20. Nc5 Rxb2 21. O-O-O Ra2 22. Rd8+ Ke7 23. Rxh8 Ra1+ 24. Kd2 Rxf1 25. f3 Rf2+ 26. Kd3 Rxg2 27. e5 Nd7 28. Nxd7 Kxd7 29. Rxh7 Ke6 30. f4 g6 31. h4 Rh2 32. Rh8 a5 33. a4 Ra2 34. h5 gxh5 35. Rh6+ Ke7 36. Rxh5 Rxa4 37. f5 Rb4 38. Rh8 Rf4 39. f6+ Ke6 40. Re8+ Kd5 41. Re7 Rf3+ 42. Kc2 Rf5 43. Rxf7 Kxe5 44. Rc7 Kd5 45. f7 Kc5 46. Re7 Rf3 47. Kb2 Kb5 48. Rb7+ Ka6 49. Re7 c5 50. Re6+ Kb5 51. Re7 Kc4 52. Rd7 Rf1 53. Re7 Rf2+ 54. Ka3 Kb5 55. Rc7 Kb6 56. Re7 c4 57. Re6+ Kc5 58. Re7 Kd4 59. Rd7+ Kc3 60. Re7 Kd3 61. Rd7+ Kc2 62. Rc7 c3 63. Re7 Rf4 64. Rc7 Rf3 65. Ka2 Rf5 66. Rd7 Rf4 67. Ka3 Kc1 68. Rc7 c2 69. Rb7 Rf6 70. Ka2 Rf3 71. Rd7 Rf4 72. Rb7 Rf3 73. Rd7 Rf2 74. Rc7 Kd1 75. Rd7+ Kc1 76. Rc7 Rf4 77. Rb7 Rf3 1/2-1/2